000 00605nam a2200229Ia 4500
003 OSt
005 20221007074809.0
006 a|||||r|||| 00| 0
007 ta
008 221006b |||||||| |||| 00| 0 eng d
024 _a18,087
037 _cTextual
040 _aFLL
_cFLL
_beng
041 _2eng
_aeng
082 _aZb, M0
100 _aGarth B. Au.
_9693170
245 0 _aNeighor hood law firms for the poor
260 _aNetherland
_bSijthoff and noordhoff Netherland
_c1980
300 _a259p
_ccm.
942 _hZb, M0
_cTEXL
_2CC
999 _c1153705
_d1153705